Conociendo al Mashiramo el Oso de los Yukpas (Registro nro. 8883)

Detalles MARC
000 -CABECERA
Campo de control 00730nam a22002057a 4500
005 - FECHA Y HORA DE LA ULTIMA TRANSACCION
Campo de control 20141216093105.0
008 - ELEMENTOS DE LONGITUD FIJA—INFORMACION GENERAL
Campo de control 141216b xxu||||| |||| 00| 0 spa d
040 ## - FUENTE DE CATALOGACIÓN
Agencia transcriptora CO-BoIH
041 ## - IDIOMA
Código de idioma para texto/pista de sonido o título separado Español
044 ## - PAÍS DE PUBLICACIÓN
País de publicación Colombia
090 ## - CLASIFICACIÓN LOCAL
Colección EA
Consecutivo 00198
245 ## - MENCION DE TITULO
Título Conociendo al Mashiramo el Oso de los Yukpas
260 ## - PUBLICACION, DISTRIBUCION, ETC. (PIE DE IMPRENTA)
Lugar de publicación, distribución, etc. [Sin lugar de publicación]
Nombre del editor, distribuidor, etc. Fundación para la Investigación, Conservación y Protección del Oso Andino,
Fecha de publicación, distribución, etc. [Sin fecha de publicación]
300 ## - DESCRIPCION FISICA
Extensión 15 pag
Otros detalles físicos Fot (col), il.
Dimensiones 28 cm.
650 ## - ASIENTO SECUNDARIO DE MATERIA - TERMINO TEMATICO
Término temático o nombre geográfico como elemento de entrada Oso Andino
Subdivisión general Distribución Geográfica
650 ## - ASIENTO SECUNDARIO DE MATERIA - TERMINO TEMATICO
Término temático o nombre geográfico como elemento de entrada Oso Andino
Subdivisión general Protección.
650 ## - ASIENTO SECUNDARIO DE MATERIA - TERMINO TEMATICO
Término temático o nombre geográfico como elemento de entrada Oso Andino
Subdivisión general Hábitos y conducta.
650 ## - ASIENTO SECUNDARIO DE MATERIA - TERMINO TEMATICO
Término temático o nombre geográfico como elemento de entrada Fauna Silvestre
Subdivisión general Conservación
942 ## - ELEMENTOS ADICIONALES (KOHA)
Sistema de clasificación Local
Tipo de ítem Libro
Existencias
Withdrawn status Lost status Sistema de Clasificación Damaged status No para préstamo Colección Inventariado Ubicación Permanente Ubicación actual Fecha de adquisición Fuente de Valor Valor Total Checkouts Número topográfico Inventario / Código de Barras Date last seen Ejemplar Price effective from Forma de adquisición Tipo de material
    Local     Educación Ambiental Inventariado 2017 Sala Fabio Quevedo Sala Fabio Quevedo 16/12/2014 Instituto 39000.00   EA-00198 034898 16/12/2014 Ej. 1 16/12/2014   Libro